000 00647nam a2200289Ia 4500
005 20260324133244.0
008 008 260324s9999 xx 000 0 eng d
020 _a9780203398210
037 _aEBOOK
040 _aCRL
040 _beng
040 _cCRL
041 _2eng
041 _aeng
084 _qCRL
100 _aAdrian Barton
_91173132
245 0 _aIllicit Drugs
245 0 _bUse and Control
260 _bTaylor and Francis
260 _c2003
365 _a
365 _b300
856 _uhttp://www.taylorfrancis.com/books/9780203398210
942 _cEBOOK
999 _c1791267
_d1791267